000 00336nam a2200133Ia 4500
005 20260328104325.0
008 260328s9999||||xx |||||||||||||| ||und||
100 _aRykwert, Joseph
245 0 _aLa Casa de Adán en el Paraíso /
_cJoseph Rykwert
260 _bGustavo Gili
300 _a241 p.
650 _aARQUITECTURA
942 _cBK
999 _c11501
_d11501